00327nam a2200121 a 4500008004100000050001600041100001900057245003600076246003000112260003300142300002100175350000900196120416s1984 ||||||||||||||||| || u aTH 1461 Cha aChantler, J. R10aBasic materials and workmanship aJ. R. Chantler and others aLondonbThomas Telfordc1984 a[ii] 62p. : ill. a0.00